01082nab a22002177a 4500003000400000005001700004008004100021040000700062100002500069245014400094260007200238300001300310500003800323505019300361505008900554650002000643650001700663650001300680700003800693773013300731OSt20251231144917.0190605e xxu||||| |||| 00| 0 spa d cPJ aPanozzo, Juan Pablo 10aTeletrabajo y ejercicio abusivo del ius variandi : bun riesgo latente para los empleadores /cJuan Pablo Panozzo, Santiago A. Palavecino.  aCiudad Autónoma de Buenos Aires :bThomson Reuters La Ley,c2023. ap. 58-66 aCita: TR LALEY AR/DOC/258/2023.  aSumario: I. Introducción.— II. Régimen legal vigente.— III. Algunas consideraciones respecto del teletrabajo y el ius variandi. Caso hipotético bajo examen.— IV. Conclusión.  t¿Te interesa el texto completo? Solicitalo al correo: koha@justierradelfuego.gov.ar 0aDERECHO LABORAL 0aIUS VARIANDI 0aPANDEMIA aPalavecino, Santiago A. ecoautor0 02711dCiudad Autónoma de Buenos Aires : Thomson Reuters La Ley, 1999-2002.tRevista de derecho del trabajo. Nº 2 - Marzo 2023